000 00608cam a22002053a 4500
001 34539
003 PGUSA
005 20140828083738.0
008 101201s2010||||xxu|||||s|||||000 | eng d
040 _aPGUSA
_beng
042 _adc
100 1 _aBraddon, M. E.
_q(Mary Elizabeth),
_d1835-1915
245 1 0 _aJohn Marchmont's Legacy, Volume I (of 3)
_h[electronic resource] /
_cM. E. Braddon
260 _bProject Gutenberg,
_c2010
506 _aPublic domain in the USA.
516 _aElectronic text
830 0 _aProject Gutenberg
_v34539
856 4 0 _uhttp://www.gutenberg.org/ebooks/34539
942 _cEB
999 _c263794
_d263794